Countries With No 30K+ Cities - Statistics

General Stats
  • This quiz has been taken 56 times
  • The average score is 12 of 16
Answer Stats
Largest City Country Largest City Population % Correct
Vatican City Vatican City 829
94%
Serravalle San Marino 9,258
90%
Andorra la Vella Andorra 20,430
88%
Koror Palau 9,781
88%
Majuro Marshall Islands 20,301
83%
Basseterre St. Kitts and Nevis 11,400
81%
Funafuti Tuvalu 6,320
81%
Weno F. S. Micronesia 13,856
77%
Kingstown St. Vincent and the Grenadines 12,961
71%
St. George's Grenada 3,133
69%
Nuku'alofa Tonga 23,221
69%
Saint John's Antigua and Barbuda 22,219
67%
Roseau Dominica 14,725
63%
Bridgetown Barbados 5,996
60%
Victoria Seychelles 26,450
58%
San Pawl il-Baħar Malta 14,057
54%
No matching quizzes found
Score Distribution
Percent of People with Each Score
Percentile by Number Answered
Your Score History
You have not taken this quiz